| 000 | 00327nam a2200121Ia 4500 | ||
|---|---|---|---|
| 008 | 210430s9999 xx 000 0 und d | ||
| 082 | _a341S7751 I | ||
| 100 | _aJ.G. Starke QC | ||
| 245 |
_aIntroduction to International Law _cJ.G. Starke QC |
||
| 260 |
_aIslamabad _bJ.G. Starke QC _c2010 |
||
| 300 | _a694p | ||
| 942 |
_cBK _2ddc |
||
| 999 |
_c564460 _d564460 |
||